<?xml version="1.0" encoding="UTF-8"?>
<record
    xmlns:xsi="http://www.w3.org/2001/XMLSchema-instance"
    xsi:schemaLocation="http://www.loc.gov/MARC21/slim http://www.loc.gov/standards/marcxml/schema/MARC21slim.xsd"
    xmlns="http://www.loc.gov/MARC21/slim">

  <leader>01361cam a22002651  4500</leader>
  <controlfield tag="001">pa 68000106 </controlfield>
  <controlfield tag="003">DLC</controlfield>
  <controlfield tag="005">20260227111857.0</controlfield>
  <controlfield tag="008">811028s1966    dcu           000 0 spa  </controlfield>
  <datafield tag="010" ind1=" " ind2=" ">
    <subfield code="a">pa 68000106 </subfield>
  </datafield>
  <datafield tag="040" ind1=" " ind2=" ">
    <subfield code="a">DLC</subfield>
    <subfield code="c">DLC</subfield>
    <subfield code="d">DLC</subfield>
  </datafield>
  <datafield tag="041" ind1="0" ind2=" ">
    <subfield code="a">spaengfrepor</subfield>
  </datafield>
  <datafield tag="050" ind1="0" ind2="0">
    <subfield code="a">F1402</subfield>
    <subfield code="b">.A169 OEA/Ser.A/13 (SEPF)</subfield>
    <subfield code="a">S401</subfield>
  </datafield>
  <datafield tag="082" ind1="0" ind2="0">
    <subfield code="a">341/.02635</subfield>
    <subfield code="a">341.7/6757/0265</subfield>
    <subfield code="2">19</subfield>
  </datafield>
  <datafield tag="130" ind1="0" ind2=" ">
    <subfield code="a">Convention on the Inter-American Institute of Agricultural Sciences.</subfield>
  </datafield>
  <datafield tag="245" ind1="0" ind2="0">
    <subfield code="a">Convenci&#xF3;n sobre el Instituto Interamericano de Ciencias Agr&#xED;colas y su Protocolo de enmienda abierto a la firma en la Uni&#xF3;n Panamericana el 15 de enero de 1944 y el 1&#x2070;. de diciembre de 1958, respectivamente.</subfield>
    <subfield code="b">Convention on the Inter-American Institute of Agricultural Sciences and the Protocol of amendment opened for signature at the Pan American Union on January 15, 1944 and December 1, 1958, respectively.</subfield>
  </datafield>
  <datafield tag="260" ind1=" " ind2=" ">
    <subfield code="a">Washington,</subfield>
    <subfield code="b">Uni&#xF3;n Panamericana,</subfield>
    <subfield code="c">1966.</subfield>
  </datafield>
  <datafield tag="300" ind1=" " ind2=" ">
    <subfield code="a">63 p.</subfield>
    <subfield code="c">23 cm.</subfield>
  </datafield>
  <datafield tag="490" ind1="1" ind2=" ">
    <subfield code="a">Serie sobre tratados ;</subfield>
    <subfield code="v">12</subfield>
  </datafield>
  <datafield tag="490" ind1="1" ind2=" ">
    <subfield code="a">OEA documentos oficiales ;</subfield>
    <subfield code="v">OEA/Ser.A/13 (SEPF)</subfield>
  </datafield>
  <datafield tag="500" ind1=" " ind2=" ">
    <subfield code="a">Spanish, English, Portuguese, and French.</subfield>
  </datafield>
  <datafield tag="610" ind1="2" ind2="0">
    <subfield code="a">Inter-American Institute of Agricultural Sciences.</subfield>
  </datafield>
  <datafield tag="830" ind1=" " ind2="0">
    <subfield code="a">Treaty series (Organization of American States. General Secretariat) ;</subfield>
    <subfield code="v">no. 12.</subfield>
  </datafield>
  <datafield tag="830" ind1=" " ind2="0">
    <subfield code="a">OAS official records ;</subfield>
    <subfield code="v">OEA/Ser.A/13 (SEPF)</subfield>
  </datafield>
  <datafield tag="999" ind1=" " ind2=" ">
    <subfield code="c">51629</subfield>
    <subfield code="d">51629</subfield>
  </datafield>
</record>
